LEADER 01520nam a2200325 i 4500 001 000000136854 003 CaOOAMICUS 005 20260409113545.0 008 050401s2005 it u000 u ita u 013 $a110573 020 $a88-308-0794-X 040 $aSeMil$bita 245 10$aApokalypsis :$bpercorsi nell'Apocalisse in onore di Ugo Vanni /$ca cura di Elena Bosetti e Angelo Colacrai. 260 $aAssisi :$bCittadella,$c2005. 300 $a879 p. ;$c22 cm. 490 0 $aCommenti e studi biblici [Cittadella] 490 0 $aCommenti e studi biblici. Sezione Studi biblici 650 4$aBibbia. Nuovo Testamento. Apocalisse - Commentari, studi, critica, interpretazioni.$0(OLS)http://semarc/subject/1763 700 1 $aVanni, Ugo .$0(OLS)http://semarc/name/90315 700 1 $aColacrai, Angelo.$0(OLS)http://semarc/name/16541 700 1 $aBosetti, Elena.$0(OLS)http://semarc/name/4526 830 0$aCommenti e studi biblici. Sez. Studi biblici.$0(OLS)http://semarc/title/17607 830 0$aCommenti e studi biblici .$0(OLS)http://semarc/title/459005 850 $aSeMil 852 $aSeMil$W1$xVenegono$y1$m2YA Z 12$j269939$B90436$CSeMilBibl$Z2$F95730 $81 961 $aOmaggio: Fumagalli don Aristide 996 $6020$a88-308-0794-X$9(OLS)http://semarc/number/124458 996 $6245$aApokalypsis :$bpercorsi nell'Apocalisse in onore di Ugo Vanni$9(OLS)http://semarc/title/199962 996 $6260$aAssisi :$bCittadella$9(OLS)http://semarc/publisher/29661 LEADER 01417nam a2200289 i 4500 001 000000072266 003 CaOOAMICUS 005 20210329142710.0 008 090707s1976 it u000 u ita u 013 $a43438 040 $aSeMil$bita 100 1 $aRosmini, Antonio,$c.$0(OLS)http://semarc/name/405 245 10$a49: Massime di perfezione cristiana /$cAntonio Rosmini ; a cura di Alfeo Valle. 264 1$aStresa :$bCentro internazionale di studi rosminiani,$c1976. 300 $a307 p. ;$c24 cm. 500 $aParte della sezione: Prose ecclesiastiche - Ascetica 650 4$aVita cristiana - Meditazioni.$0(OLS)http://semarc/subject/1353 700 1 $aValle, Alfeo.$0(OLS)http://semarc/name/6767 773 0 $aRosmini, Antonio $tOpere edite ed inedite di Antonio Rosmini.$dRoma : Istituto di studi filosofici ; Stresa : Centro internazionale di studi rosminiani ; Roma : Cittą Nuova, 1975-$g49$w()3371 850 $aSeMil 852 $aSeMil$W1$xVenegono$y1$m2Q V 399$j38419$B38419$CSeMilBibl$Z2$F38422 $81 900 1 $aRosmini Serbati, Antonio. 961 $aSottoscrizione: Cittą Nuova (Agente) 996 $6245$a49: Massime di perfezione cristiana$9(OLS)http://semarc/title/429651 996 $6264$aStresa :$bCentro internazionale di studi rosminiani$9(OLS)http://semarc/publisher/32698